Fondos de inversión social en América Latina /
Desde mediados de los años 80, varios países de América Latina han creado fondos y programas de inversión social con la finalidad de tener un instrumento ágil e innovativo para enfrentar, a lo menos, parcialmente, la agudización de los problemas sociales, derivada de la crisis y de las políticas de...
Guardado en:
| Hovedforfatter: | |
|---|---|
| Format: | Texto |
| Sprog: | Spanish |
| Udgivet: |
Santiago:
OIT. PREALC
1993
|
| Fag: | |
| Tags: |
Tilføj Tag
Ingen Tags, Vær først til at tagge denne postø!
|
MARC
| LEADER | 00000 a a2200000 04500 | ||
|---|---|---|---|
| 001 | 14698 | ||
| 003 | cru CIDCACS/IIS | ||
| 005 | 20230707102035.0 | ||
| 008 | 230508e1993 cl ||||| |||| 00| 0 spa d | ||
| 020 | |a 92-2-309348-1 | ||
| 022 | |a 92-2-309348-1 | ||
| 040 | |c CRAI/IIS | ||
| 090 | |a 02.02.01 W967f | ||
| 100 | |a Wurgaft, José | ||
| 245 | |a Fondos de inversión social en América Latina / |c José Wurgaft | ||
| 260 | |a Santiago: |b OIT. PREALC |c 1993 | ||
| 300 | |a 171 páginas | ||
| 300 | |b **no definido** | ||
| 520 | |a Desde mediados de los años 80, varios países de América Latina han creado fondos y programas de inversión social con la finalidad de tener un instrumento ágil e innovativo para enfrentar, a lo menos, parcialmente, la agudización de los problemas sociales, derivada de la crisis y de las políticas de ajuste y de reestructuración productiva. Los fondos son esencialmente intermediarios financieros, que reciben o captan recursos y los canalizan al desarrollo social a través de otras entidades públicas, privadas, o de los mismos grupos beneficiarios. Al crearlos, los gobiernos les confieren atribuciones y se espera que dispusieran de recursos para operar con rapidez, eficiencia, descentralización y transparencia. Este libro inicia con un análisis comprensivo de los fondos y luego presenta estudios referentes a dos fondos transitorios - el FSE de Bolivia y el FHIS de Honduras- y a dos experiencias permanentes- el FOSIS de Chile y el PRONASOL de México | ||
| 650 | |a INVERSIONES | ||
| 650 | |a DESCENTRALIZACION | ||
| 650 | |a BOLIVIA | ||
| 650 | |a CHILE | ||
| 650 | |a MEXICO | ||
| 650 | |a HONDURAS | ||
| 650 | |a EMPLEO | ||
| 650 | |a POBREZA | ||
| 650 | |a INDICADORES ECONOMICOS | ||
| 650 | |a INDICADORES SOCIALES | ||
| 650 | |a SALARIOS | ||
| 650 | |a DISTRIBUCION DE LA POBLACION | ||
| 942 | |2 ddc |c LI |h 02.02.01 W967f |i 04855 |6 020201_W967F_04855 | ||
| 999 | |c 8189 |d 8189 | ||



